Statistics for Australian Bands and Singers

Click here to take the quiz!

General Stats

  • This quiz has been taken 558 times
  • The average score is 8 of 20

Answer Stats

HintAnswer% Correct
TNTAC/DC
87%
Somebody That I Used to KnowGotye
71%
DownunderMen At Work
69%
Never Tear Us ApartInxs
68%
PhysicalOlivia Newton-John
67%
Spinning AroundKylie Minogue
63%
ChandelierSia
62%
Truly Madly DeeplySavage Garden
51%
TornNatalie Imbruglia
48%
JIve Talkin'Bee Gees
45%
I'm All Out of LoveAir Supply
36%
I Am WomanHelen Reddy
32%
I Go To RioPeter Allen
28%
Que SeraJustice Crew
23%
When the Carnival is OverThe Seekers
15%
Long Tall Glasses (recently became anmAussie)Leo Sayer
10%
BounceIggy Azalea
7%
Caught In the CrowdKate Miller-Heidke
6%
You'll Think of MeKeith Urban
6%
Surfers ParadiseCody Simpson
2%

Score Distribution

Percentile by Number Answered

Percent of People with Each Score

Your Score History

You have not taken this quiz